000 00718cam a2200277 4500
001 9200
005 20230410132633.0
008 060907n1982 sp spa
020 _a8408002880
020 _a8432021628
035 _9funglode9275
041 _aES
049 _aGRAL
050 1 4 _aPS 3515
_bH488m 1982
100 1 _aHemingway, Ernest,
_d1899-1961.
245 1 0 _aMuerte en la tarde /
_cErnest Hemingway
250 _a3a ed.
260 _aBarcelona :
_bPlaneta,
_c1982
300 _a250 p.
440 0 _aPlaneta bolsillo
490 _aColección Popular
500 _aTraducido de: Death in the Afternoon.
650 4 _aCES
650 4 _aColección Enriquillo Sánchez
942 _2lcc
_cbk
999 _c85085
_d85085